| 000 | 01085nam a2200241 4500 | ||
|---|---|---|---|
| 003 | OSt | ||
| 005 | 20240604064119.0 | ||
| 006 | a | ||
| 008 | 240604b |||||||| |||| 00| 0 eng d | ||
| 020 | _a9789719919346 | ||
| 040 |
_aDWCL-Main lib. _cOC |
||
| 082 |
_22013 tenth edition _aFil. 343.599 D673t 2013 |
||
| 100 | _aDomondon , Abelardo T. | ||
| 245 | _aTaxation, volume 1 : principles of taxation : based on the Coverage of the Law on Taxation for the 2013 Bar Examinations (expanded and annotated for use both as a reviewer and as a text) with Bar Examination Questions from 1964 to 2013, essay type an / | ||
| 250 | _a2013 tenth edition | ||
| 260 |
_aManila : _bAbelardo T. Domondon, _cc2013. |
||
| 300 |
_axiv, _b343 pages ; _c22 cm. |
||
| 504 | _aFor: CPA Board and Bar reviewees ; Law and Commerce students. | ||
| 650 | _a1. Taxation–Law and legislation–Philippines–Examinations, questions, etc. | ||
| 650 | _a2. Taxation–Law and legislation–Problems, exercises, etc. | ||
| 700 | _aAbelardo T. Domondon | ||
| 942 |
_2ddc _n0 _cBK - FIL _e2013 tenth edition _kFil. |
||
| 999 |
_c126 _d126 |
||